Geography Quiz

Random Geography or World Quiz
Score 0/20 Timer 07:00
0 Plays Today
% Correct
Egypt (Cleopatra)
89.1%
India (Slumdog Millionaire)
89%
Poland (Schindler's List)
80.6%
United States (The Godfather)
73%
France (Beauty and the Beast)
69.9%
Greece (Mamma Mia!)
63.7%
Thailand (Hangover Part II)
63.4%
Uganda (Last King of Scotland)
57.1%
Canada (Strange Brew)
54.4%
Iraq (The Hurt Locker)
50.9%
% Correct
Germany (Run, Lola, Run)
46.4%
Vatican City (Angels and Demons)
44.2%
China (Empire of the Sun)
42.1%
Afghanistan (Iron Man)
36%
Ireland (My Left Foot)
34.5%
Jamaica (Dr. No)
29.7%
Switzerland (Heidi)
28.9%
Brazil (Fast Five)
19%
Australia (Strictly Ballroom)
16.7%
Bhutan (Batman Begins)
16.5%
Remove Ads.
Support Sporcle.
Get the best of Sporcle when you Go Orange. This ad-free experience offers more features, more stats, and more fun while also helping to support Sporcle. Thank you for becoming a member.

You're not logged in!

Compare scores with friends on all Sporcle quizzes.
OR
Log In

Show Comments

Extras

Top Quizzes Today


Score Distribution

Your Account Isn't Verified!

In order to create a playlist on Sporcle, you need to verify the email address you used during registration. Go to your Sporcle Settings to finish the process.

Report this User

Report this user for behavior that violates our Community Guidelines.

Details: